000 00347 a2200157 4500
001 67382
020 _a9788522032112
040 _cAnchieta - Pituba
100 _aRubio-Barreau, Vanessa
240 1 0 _aO pequeno príncipe
_lpor
245 1 0 _aO pequeno príncipe
300 _a80
362 0 _a2015
650 4 _aLiteratura juvenil
942 _cBK
999 _c67382
_d67382